00000000nam##2200000za#4500
0019.516454
003CaOODSP
00520210615083010
007ta
008150406|1993||||xxc|||||     f|0| 0 eng|d
020 |a0-660-57958-8
022 |a0706-148X
040 |aCaOODSP|beng
041 |aeng
041 |afre
043 |an-cn---
0861 |aS52-2/215-1993
1101 |aCanada.|bSecretary of State of Canada. |bTranslation Bureau.
24510|aVocabulary of hazardous materials in the workplace / |cby Hélène Jacob.
260 |aOttawa - Ontario : |bSecretary of State of Canada. |c1993.
300 |a1039p. : |c22 cm.
4901 |aTerminology bulletin|x0706-148X|v215
504 |aBibliography.
5203 |aIncludes more than 10,000 entries from the terminology of the Workplace Hazardous Materials Information System (WHMIS) and the Ingredient Disclosure List. Also covers vocabulary for occupational health and medicine, handling, emergency and safety measures, pollution, individual protection, and legislation. Terminology Bulletin 215.
546 |aBilingual
563 |aSoftcover
590 |a93-14|b1993-04-08
69007|aDangerous products|2gcpds
69007|aTerminology|2gcpds
7201 |aJacob, Hélène
7760#|tVocabulaire des matières dangereuses utilisées au travail / |w(CaOODSP)9.590542
792 |tVocabulaire des matières dangereuses utilisées au travail / |efre|w(CaOODSP)9.516455
830#0|aTerminology bulletin,|x0706-148X|v215|w(CaOODSP)9.509598